000 00358 a2200109 4500
001 ART_7317
005 20260410161720.0
008 260409a
245 1 0 _aModelizar con principantes en la disciplina Contabilidad
100 1 _aGarcía Casella, Carlos Luis
773 0 _tContabilidad y auditoría
_g- Año 12, Nº 24 (dic. 2006)
_wREV1723
999 _c16851
_d16851